Получение синтетических топлив. [За 1978-1982 гг. (Запись № 6695648)

Подробности
000 -МАРКЕР
контрольное поле 01161nam2a22002411 4500
001 - ИДЕНТИФИКАТОР ЗАПИСИ
контрольное поле rc\954016
005 - ИДЕНТИФИКАТОР ВЕРСИИ
контрольное поле 20041129100237.6
035 ## - ДРУГИЕ СИСТЕМНЫЕ НОМЕРА
Идентификатор записи (NLR Aleph) 006244400
100 ## - ДАННЫЕ ОБЩЕЙ ОБРАБОТКИ
Данные общей обработки 20041129d1982 u |0rusy50 ca
101 0# - ЯЗЫК РЕСУРСА
Язык текста, звукозаписи и т.д. русский
102 ## - СТРАНА ПУБЛИКАЦИИ ИЛИ ПРОИЗВОДСТВА
Страна публикации Российская Федерация
105 ## - ПОЛЕ КОДИРОВАННЫХ ДАННЫХ: ТЕКСТОВЫЕ МАТЕРИАЛЫ, МОНОГРАФИЧЕСКИЕ
Кодированные данные о монографическом текстовом документе y |||||||||
200 0# - ЗАГЛАВИЕ И СВЕДЕНИЯ ОБ ОТВЕТСТВЕННОСТИ
Основное заглавие [За 1978-1982 гг.
Первые сведения об ответственности Сост. Утенковой Г.Н., Смолиной Т.С.]
210 ## - ПУБЛИКАЦИЯ, РАСПРОСТРАНЕНИЕ И ДР.
Дата издания, распространения и т.д. 1982
215 ## - ФИЗИЧЕСКАЯ ХАРАКТЕРИСТИКА
Специфическое обозначение материала и объем [1], 53 с.
461 #0 - УРОВЕНЬ НАБОРА
Встроенное поле 001rc\954015
-- 2001#$aПолучение синтетических топлив$eБиблиогр. указ. лит.$fЦНИИ экономики и НТИ угольной пром-сти, Ин-т горючих ископаемых$v[За 1978-1982 гг.
Системный номер (АБИС) связанной записи 6695642
Место публикации М.
Дата публикации 1982
Первые сведения об ответственности ЦНИИ экономики и НТИ угольной пром-сти, Ин-т горючих ископаемых
Имя издателя, распространителя и т.д. ЦНИЭИуголь
Сведения, относящиеся к заглавию Библиогр. указ. лит.
Заглавие Получение синтетических топлив
Номер тома [За 1978-1982 гг.
702 #1 - ИМЯ ЛИЦА - ВТОРИЧНАЯ ОТВЕТСТВЕННОСТЬ
Начальный элемент ввода Утенкова
Часть имени, кроме начального элемента ввода Г. Н.
Код отношения Составитель
801 #0 - ИСТОЧНИК ЗАПИСИ
Страна Российская Федерация
Организация NLR
Правила каталогизации psbo
801 #1 - ИСТОЧНИК ЗАПИСИ
Страна Российская Федерация
Организация ELAR
Источник данных rusmarc
852 ## - МЕСТОНАХОЖДЕНИЕ И ШИФР ХРАНЕНИЯ
Идентификатор организации NLR
Наименование фонда или коллекции (Sub-Location Identifier) С
Шифр хранения (Call Number) К-2/1612
942 ## - ДОПОЛНИТЕЛЬНЫЕ ЭЛЕМЕНТЫ ЗАПИСИ (АБИС)
Тип экземпляра АБИС Книга
980 ## - КОЛЛЕКЦИЯ
Название коллекции Национальная библиография
Экземпляры
Тип экземпляра Дата поступления Библиотека постоянного хранения Библиотека текущего хранения Место хранения Шифр хранения Штрих-код Статус экземпляра
Книга 26.10.2013 РНБ (Московский) РНБ (Московский) Центральная справочная библиотека С К-2/1612 1-2487652  
Книга 07.11.2018 РНБ (Московский) РНБ (Московский) Центральная справочная библиотека С К-2/1612 1-2487653